Missing Word: Nobel Peace Prize Laureates Quiz Stats

 Plays Quiz Updated Sep 16, 2016

Challenge
Share
Tweet
Embed
Score 0/20 Timer 03:00
0 Plays Today
Name Missing Word % Correct
Martin ______ King, Jr.Luther
98.2%
______ ObamaBarack
96.1%
Mother ______Teresa
95.9%
Nelson _______Mandela
95.6%
Theodore _________Roosevelt
90%
Desmond ____Tutu
88.5%
Jimmy ______Carter
82.7%
Mikhail _________Gorbachev
80.2%
_______ WilsonWoodrow
78.6%
____ WalesaLech
77.9%
Name Missing Word % Correct
Henry _________Kissinger
67%
Al ____Gore
65.7%
Mohamed _____ al-SadatAnwar
49.8%
______ PeresShimon
41.6%
______ YousafzaiMalala
38.4%
____ San Suu KyiAung
23.1%
Le ___ ThoDuc
18.4%
_____ Johnson SirleafEllen
11.9%
_____ DunantHenry
10.2%
Fridtjof ______Nansen
7.9%

Today's Daily Dose

You're not logged in!

Compare scores with friends on all Sporcle quizzes.
Join for Free
OR
Log In

You Might Also Like...

Show Comments

Extras

Top Quizzes Today


Score Distribution

Your Account Isn't Verified!

In order to create a playlist on Sporcle, you need to verify the email address you used during registration. Go to your Sporcle Settings to finish the process.

Report this User

Report this user for behavior that violates our Community Guidelines.

Details: